000 00647cam a22002417a 4500
003 CHAP
005 20220329140240.0
008 971013s r 00010 d
010 _a49221
011 _a50193
035 _a54343
040 _cCHAP
090 _aR-205
100 0 0 _aVez, A.
_9119027
245 1 3 _aLa culture de la féverole
500 _aSobretiro de: Agriculture Romande Ser. A. 5(12): 117-120, 1966
590 _aBATCH-UPD
_b10
_c20130110
_lUCH01
_h0635
590 _aCONVERSION
_b10
_c20130109
_lUCH01
_h1327
650 1 4 _aHaba.
_952087
901 _aBK
942 _cREIMP
949 _aR-205
_bBC
_cR
_d-119976
_eTS1
_i54343
_si
999 _c49221
_d49221